Quản lý dự án for dummies

Guardat en:
Dades bibliogràfiques
Autor principal: E. Portny, Stanley
Altres autors: Tô Khanh (dịch) (dịch)
Format: Llibre
Idioma:Vietnamese
Publicat: Hà Nội Lao động - Cty sách Thái Hà 2018
Col·lecció:Để việc học trở nên thật đơn giản
Matèries:
Etiquetes: Afegir etiqueta
Sense etiquetes, Sigues el primer a etiquetar aquest registre!
Thư viện lưu trữ: Trung tâm Học liệu Lê Vũ Hùng, Trường Đại học Đồng Tháp
LEADER 00901pam a22002538a 4500
001 00044974
005 20191017111029.0
008 131216s2013 ||||||viesd
020 # # |a 978 604 971 391 0  |c 169000 
041 0 # |a vie 
082 1 4 |a 658.404  |b QU105L 
100 # # |a E. Portny, Stanley 
242 # # |a project management for dummies 
245 0 0 |c Stanley E. Portny; Tô Khanh (dịch)  |a Quản lý dự án for dummies 
260 # # |a Hà Nội  |b Lao động - Cty sách Thái Hà  |c 2018 
300 # # |a 494 tr.  |c 24 cm 
490 # # |a Để việc học trở nên thật đơn giản 
653 # # |a Bí quyết thành công 
653 # # |a Quản lý doanh nghiệp 
653 # # |a dự án 
700 # # |e dịch  |a Tô Khanh (dịch) 
852 # # |j KD.0026177 
910 # # |d 17/10/2019 
980 # # |a Trung tâm Học liệu Lê Vũ Hùng, Trường Đại học Đồng Tháp